00878nam a2200253 a 450000100060000000300080000600500170001400800410003102000260007203500200009804000320011804100080015008200260015810000260018424500510021026000550026130000260031649000560034250400510039865000380044965000300048765100500051783000570056741848BD-RjUL20211209053447.0160606s1980 nju b 001 0 eng  a093454008X c: $ 8.95 a(BD-RjUL) 41966 aDLCcDLCdDLCdBD-RjULbeng aeng00a324.241223bROD 19801 aRose, Richard,d1933-10aDo parties make a difference? /cRichard Rose. aChatham, N.J. :bChatham House Publishers,cc1980. axii, 176 p. ;c23 cm. aChatham House series on change in American politics aIncludes bibliographical references and index. 0aPolitical partieszGreat Britain. 0aElectionszGreat Britain. 0aGreat BritainxPolitics and governmenty1945- aChatham House series on change in American politics.